|
|
|
|
| LEADER |
01051nam a2200373 4500 |
| 001 |
DLU090096123 |
| 005 |
##20091201 |
| 040 |
# |
# |
|a DLU
|b eng
|
| 041 |
# |
# |
|a eng
|
| 044 |
# |
# |
|a us
|
| 245 |
# |
# |
|a Identification of a laccase gene family in the new lignin-degrading basidiomycete CECT 20197 /
|c M. Mansur ... [et al.].
|
| 653 |
# |
# |
|a Basidiomycetes
|
| 653 |
# |
# |
|a Enzyme
|
| 653 |
# |
# |
|a Fungi
|
| 653 |
# |
# |
|a Homology
|
| 653 |
# |
# |
|a Isolate
|
| 653 |
# |
# |
|a Isozyme
|
| 653 |
# |
# |
|a Lignin
|
| 653 |
# |
# |
|a Phylogeny
|
| 700 |
# |
# |
|a Brizuela, M. A.
|
| 700 |
# |
# |
|a Fernandez-Larrea, J. B.
|
| 700 |
# |
# |
|a Gonzalez, A. E.
|
| 700 |
# |
# |
|a Mansur, M.
|
| 700 |
# |
# |
|a Suarez, T.
|
| 773 |
# |
# |
|t Applied and Environmental Microbiology
|g Vol. 63, no. 7 (April 1997), p. 2637-2646
|
| 920 |
# |
# |
|a Phòng Tạp chí -- Trung tâm Thông tin - Thư viện Trường Đại học Đà Lạt
|
| 994 |
# |
# |
|a DLU
|
| 900 |
# |
# |
|a True
|
| 911 |
# |
# |
|a Trương Bảo Trâm Anh
|
| 925 |
# |
# |
|a G
|
| 926 |
# |
# |
|a A
|
| 927 |
# |
# |
|a BB
|
| 980 |
# |
# |
|a Thư viện Trường Đại học Đà Lạt
|